Boeing 787 operators - Statistics

General Stats
  • This quiz has been taken 578 times
    10 since last reset
  • The average score is 38 of 67
Answer Stats
Answer % Correct
American Airlines
100%
Lufthansa
100%
United Airlines
100%
Air Canada
88%
Air France
88%
British Airways
88%
Japan Airlines
88%
Qantas
88%
Aeromexico
75%
Air China
75%
All Nippon Airways
75%
China Eastern Airlines
75%
EgyptAir
75%
Ethiopian Airlines
75%
Etihad Airways
75%
KLM
75%
LATAM Brasil
75%
LATAM Chile
75%
LOT Polish Airlines
75%
TUI Airways
75%
TUI fly Belgium
75%
TUI fly Netherlands
75%
TUI fly Nordic
75%
Air India
63%
El Al
63%
Oman Air
63%
Qatar Airways
63%
Turkish Airlines
63%
Air Europa
50%
Air New Zealand
50%
Austrian Airlines
50%
China Southern Airlines
50%
EVA Air
50%
Hainan Airlines
50%
Jetstar
50%
Kenya Airways
50%
Korean Air
50%
Royal Brunei Airlines
50%
Royal Jordanian
50%
Saudia
50%
Scoot
50%
Singapore Airlines
50%
Thai Airways International
50%
Uzbekistan Airways
50%
Vietnam Airlines
50%
Virgin Atlantic
50%
Westjet
50%
Air Premia
38%
Alaska Airlines
38%
Avianca
38%
Azerbaijan Airlines
38%
Biman Bangladesh Airways
38%
Gulf Air
38%
Juneyao Airlines
38%
MIAT Mongolian Airlines
38%
Norse Atlantic Airways
38%
Norse Atlantic UK
38%
Royal Air Maroc
38%
Shanghai Airlines
38%
TAAG Angola Airlines
38%
XiamenAir
38%
Air Austral
25%
Air Tanzania
25%
Iraqi Airways
25%
Neos
25%
Zipair Tokyo
25%
Air Tahiti Nui
13%
No matching quizzes found
Score Distribution
Percent of People with Each Score
Percentile by Number Answered
Your Score History
You have not taken this quiz since the last reset